[Event "Zilina-ch"]
[Site "Zilina"]
[Date "2014.05.10"]
[Round "3"]
[White "Sun, Peter"]
[Black "Stuchly, Jan"]
[Result "1/2-1/2"]
[WhiteElo "1798"]
[BlackElo "1000"]
[PlyCount "46"]
[EventDate "2014.05.09"]
[EventType "swiss"]
[EventRounds "6"]
[EventCountry "SVK"]
[SourceTitle "CBM 160 Extra"]
[Source "ChessBase"]
[SourceDate "2014.07.01"]
[SourceVersion "1"]
[SourceVersionDate "2014.07.01"]
[SourceQuality "1"]

1. e4 e5 2. Nf3 Nc6 3. Bc4 Nf6 4. Ng5 d5 5. exd5 Na5 6. Bb5+ Bd7 7. Bxd7+ Qxd7 8. 0-0 Nxd5 9. d3 Nc6 10. a3 Nf4 11. Nc3 a6 12. Re1 0-0-0 13. Be3 Qf5 14. Nge4 Nd4 15. Ng3 Qg6 16. Bxd4 exd4 17. Nce4 f5 18. Nd2 Qc6 19. Qf3 Qxf3 20. Nxf3 g6 21. Ne5 Re8 22. Nf7 Rxe1+ 23. Rxe1 Rg8 1/2-1/2